Les chrétiens et l'homosexualité [Texte imprimé] : l'enquête /

Wedi'i Gadw mewn:
Manylion Llyfryddiaeth
Prif Awdur: Lesegretain, Claire (Awdur)
Fformat: Llyfr
Iaith:Ffrangeg
Cyhoeddwyd: Paris Presses de la Renaissance 2004
Tagiau: Ychwanegu Tag
Dim Tagiau, Byddwch y cyntaf i dagio'r cofnod hwn!

MARC

LEADER 00000nam a22000007i 4500
001 IT\ICCU\TO0\2053462
003 ItRI
005 20250725105807.0
008 191217s2004 fr |||||| ||||| |||||c
020 |a 9782750900151 
040 |b ita  |c ct 
041 7 |a fre  |2 ISO-639-2 
100 1 |a Lesegretain, Claire  |0 IT\ICCU\CFIV\135236  |4 aut 
245 1 4 |a Les chrétiens et l'homosexualité [Texte imprimé] :  |b l'enquête /  |c Claire Lesegretain. 
260 |a Paris  |b Presses de la Renaissance  |c 2004 
300 |a 402 p. ;  |c 23 cm 
942 |2 ddc  |c BK 
952 |0 0  |1 0  |2 ddc  |4 0  |6 B_SSR03LESCLCHR11  |7 0  |9 9186  |a MI  |b MI  |d 2012-12-19  |i 6525  |l 0  |o B-SSR03-LESCL-CHR11  |p CDOM6525  |r 2025-07-17 21:50:46  |w 2025-07-17  |x DONO  |y BK 
981 1 |6 z01  |a i   |b xxxe  
982 1 |6 z01  |a n 
999 |c 7654  |d 7654